000 00733nam a2200217 i 4500
001 95315
003 ES-MaACL
005 20230906181658.0
007 t|
008 050526s1964 sp ||||1| spa d
100 1 _aLuzón Domingo, Manuel.
_974912
245 1 0 _aDerecho penal del Tribunal Supremo
_b: (síntesis crítica de la moderna jurisprudencia criminal) /
_cManuel Luzón Domingo.
260 _aBarcelona :
_bEd. Hispano Europea,
_c1964.
300 _a2 v. ;
_c21 cm.
490 1 _aJure et Vita
505 8 _aContiene: I-II Parte general.- 2 vol.
650 4 _aDerecho penal-
_zEspaña-
_vJurisprudencia.
_9152003
830 0 _aJure et Vita
_9232185
852 _aES-MaACL
_jP-332-Ter
_bR.54647
999 _c95315
_d95315